000
00312nam a2200109Ia 4500
008
200302s9999 xx 000 0 und d
100
_a
Scott Atkinson
245
_a
Garden pools Fountains & Waterfalls Design Ideas Installation Upkeep
260
_b
Sunset Books Publishers Inc.
260
_c
1989
300
_a
96 P.,
999
_c
1740
_d
1740